00491cam a22001217a 4500008003800000082001400038245010700052260006000159500003400219650003300253650003800286700004500324180718b-- xxu||||| |||| 00| 0 eng d aL906x54 P aReport of the Comptroller and Auditor General of India, Union Government (Post and Telecommunications) aNew DelhibComptroller and Auditor General of Indiac-- aLibrary has 1991/92-1999/2000 aTelegraph - Auditing - India aPostal service - Auditing - India aComptroller and Auditor General of India